[Event "26th Abu Dhabi Master 2019"]
[Site "Abu Dhabi"]
[Date "2019.08.02"]
[Round "1.20"]
[White "Pranesh M"]
[Black "Petrov, Nikita"]
[Result "1/2-1/2"]
[WhiteElo "2343"]
[BlackElo "2600"]
[Annotator "TA"]
[PlyCount "66"]
[EventDate "2019.08.02"]
[EventType "swiss"]
[EventCountry "UAE"]
[SourceTitle "playchess.com"]
[Source "ChessBase"]
[SourceQuality "1"]

{[%evp 20,66,10,5,28,31,39,9,34,10,28,3,9,13,24,-30,-30,-24,-30,-30,-30,-63,-55,-57,-54,-53,-55,-102,0,0,0,0,0,0,0,0,0,0,0,0,0,0,0,0,0,0,0,0,0]} 1. e4 e5 2. Nf3 Nc6 3. Bb5 a6 4. Ba4 Nf6 5. d3 d6 6. c3 Be7 7. O-O O-O 8. Re1 Re8 9. Nbd2 Bf8 10. d4 b5 11. Bc2 Bb7 {C91: Closed Ruy Lopez: 7...d6 8 c3 0-0 9 d4} 12. a3 (12. d5 Nb8 13. h3 c6 14. c4 Qc7 15. dxc6 Bxc6 16. b3 Nbd7 {½-½ (26) Sevian,S (2601)-Bruzon Batista,L (2650) Medellin 2017}) 12... g6 13. Nf1 Bg7 14. Ng3 h6 15. Qd3 $146 ({Predecessor:} 15. b4 d5 16. Nxe5 Nxe5 17. dxe5 Nxe4 18. f4 f5 19. Nxe4 dxe4 {1-0 (36) Battulga,N (2319)-Oyunbaatar,T (2306) Ulaanbaatar 2009}) 15... d5 16. dxe5 $1 Nxe4 17. Nxe4 (17. Bf4 $142 $1) 17... dxe4 $11 18. Qxd8 Raxd8 19. Bxe4 Nxe5 {[#] White must now prevent ...Bxe4.} 20. Bg5 Bxe4 21. Bxd8 {aiming for Nxe5.} Bxf3 22. Bxc7 Bc6 23. Rad1 Re6 ({Black should try} 23... Re7 $17 24. Bd8 Re6) 24. f4 $36 {[%mdl 2048] The position is equal. White is more active.} Nc4 25. Rd8+ Kh7 26. Rxe6 fxe6 27. b3 Ne3 28. Rd6 Bd5 29. Rd7 {[#] Be5 is the strong threat.} Kg8 ({Don't blunder} 29... Bxb3 $2 30. Be5 $18) 30. Rd8+ Kf7 31. Rd7+ Kg8 32. Rd8+ Kf7 33. Rd7+ Kg8 {Accuracy: White = 59%, Black = 58%.} 1/2-1/2

[Event "26th Abu Dhabi Master 2019"]
[Site "Abu Dhabi"]
[Date "2019.08.02"]
[Round "1.21"]
[White "Abdusattorov, Nodirbek"]
[Black "Salem, Ghuloom"]
[Result "1-0"]
[WhiteElo "2598"]
[BlackElo "2205"]
[Annotator "ChessBase"]
[PlyCount "164"]
[EventDate "2019.08.02"]
[EventType "swiss"]
[EventCountry "UAE"]
[SourceTitle "playchess.com"]
[Source "ChessBase"]
[SourceQuality "1"]
[TimeControl "5400+30"]

1. e4 {[%emt 0:00:00]} e5 {[%emt 0:20:58]} 2. Nf3 {[%emt 0:00:00]} f5 {[%emt 0:00:14]} 3. exf5 {[%emt 0:02:48]} e4 {[%emt 0:00:32]} 4. Qe2 {[%emt 0:01:58]} Qe7 {[%emt 0:02:22]} 5. Nd4 {[%emt 0:01:05]} c5 {[%emt 0:01:48]} 6. Nb5 {[%emt 0:01:43]} d5 {[%emt 0:00:25]} 7. d3 {[%emt 0:00:20]} a6 {[%emt 0:00:14]} 8. N5c3 {[%emt 0:01:02]} Nf6 {[%emt 0:04:23]} 9. Bg5 {[%emt 0:01:09]} exd3 {[%emt 0:01:44]} 10. cxd3 {[%emt 0:00:19]} Qxe2+ {[%emt 0:02:00]} 11. Bxe2 {[%emt 0:00:05]} Nbd7 {[%emt 0:02:07]} 12. Nd2 {[%emt 0:04:47]} Bd6 {[%emt 0:03:33]} 13. g4 {[%emt 0:04:35]} b5 {[%emt 0:03:46]} 14. Bxf6 {[%emt 0:03:37]} Nxf6 {[%emt 0:09:31]} 15. Bf3 {[%emt 0:00:05]} Bb7 {[%emt 0:05:01]} 16. g5 {[%emt 0:00:05]} b4 {[%emt 0:01:09]} 17. gxf6 {[%emt 0:00:06]} bxc3 {[%emt 0:00:06]} 18. bxc3 {[%emt 0:00:04]} gxf6 {[%emt 0:03:06]} 19. Rb1 {[%emt 0:00:03]} O-O-O {[%emt 0:07:27]} 20. O-O {[%emt 0:01:45]} Rd7 {[%emt 0:06:28]} 21. Rb6 {[%emt 0:03:26]} Rg8+ {[%emt 0:09:15]} 22. Kh1 {[%emt 0:00:20]} Rg5 {[%emt 0:00:22]} 23. Rfb1 {[%emt 0:04:11]} h5 {[%emt 0:04:17]} 24. Nc4 {[%emt 0:12:00]} dxc4 {[%emt 0:07:24]} 25. Bxb7+ {[%emt 0:00:07]} Rxb7 {[%emt 0:00:56]} 26. Rxb7 {[%emt 0:00:10]} cxd3 {[%emt 0:00:02]} 27. R7b6 {[%emt 0:04:31]} Kc7 {[%emt 0:00:06]} 28. Rxa6 {[%emt 0:02:45]} Rxf5 {[%emt 0:00:11]} 29. Kg2 {[%emt 0:01:28]} Be5 {[%emt 0:02:10]} 30. Ra7+ {[%emt 0:05:48]} Kc6 {[%emt 0:00:19]} 31. c4 {[%emt 0:00:23]} Bd4 {[%emt 0:00:59]} 32. f3 {[%emt 0:02:45]} Rg5+ {[%emt 0:00:35]} 33. Kh1 {[%emt 0:02:22]} d2 {[%emt 0:00:22]} 34. Ra6+ {[%emt 0:12:22]} Kc7 {[%emt 0:00:38]} 35. Ra7+ {[%emt 0:03:08]} Kd6 {[%emt 0:00:11]} 36. Rab7 {[%emt 0:01:17]} Ke5 {[%emt 0:00:59]} 37. h4 {[%emt 0:10:50]} Rg3 {[%emt 0:01:02]} 38. Rd1 {[%emt 0:01:45]} Be3 {[%emt 0:00:50]} 39. Rb3 {[%emt 0:05:29]} Kd4 {[%emt 0:00:43]} 40. a4 {[%emt 0:00:25]} Bf4 {[%emt 0:01:05]} 41. a5 {[%emt 0:00:27]} Kxc4 {[%emt 0:00:22]} 42. Ra3 {[%emt 0:00:37]} Kb4 {[%emt 0:00:27]} 43. Raa1 {[%emt 0:00:14]} Be5 {[%emt 0:00:17]} 44. Ra2 {[%emt 0:00:40]} Bc3 {[%emt 0:00:13]} 45. a6 {[%emt 0:01:06]} Rg8 {[%emt 0:00:04]} 46. Rb1+ {[%emt 0:00:18]} Kc4 {[%emt 0:00:07]} 47. a7 {[%emt 0:00:08]} Ra8 {[%emt 0:00:13]} 48. Kg2 {[%emt 0:00:58]} Kd3 {[%emt 0:00:12]} 49. Rd1 {[%emt 0:02:14]} c4 {[%emt 0:00:06]} 50. Ra4 {[%emt 0:03:54]} Bd4 {[%emt 0:02:18]} 51. Rxd2+ {[%emt 0:00:35]} Kxd2 {[%emt 0:00:05]} 52. Rxc4 {[%emt 0:00:02]} Bxa7 {[%emt 0:00:10]} 53. Kg3 {[%emt 0:00:28]} Be3 {[%emt 0:00:23]} 54. f4 {[%emt 0:00:40]} Rg8+ {[%emt 0:00:27]} 55. Kf3 {[%emt 0:00:04]} Rg4 {[%emt 0:00:13]} 56. Ra4 {[%emt 0:00:05]} Bb6 {[%emt 0:01:40]} 57. Rb4 {[%emt 0:00:32]} Bc7 {[%emt 0:00:16]} 58. Rc4 {[%emt 0:00:04]} Bb8 {[%emt 0:01:11]} 59. Rb4 {[%emt 0:00:08]} Rg8 {[%emt 0:00:43]} 60. Rb5 {[%emt 0:00:24]} Rg4 {[%emt 0:00:33]} 61. Rxb8 {[%emt 0:00:05]} Rxh4 {[%emt 0:00:10]} 62. Rf8 {[%emt 0:00:30]} Rh3+ {[%emt 0:00:06]} 63. Ke4 {[%emt 0:00:35]} Re3+ {[%emt 0:00:18]} 64. Kf5 {[%emt 0:00:04]} h4 {[%emt 0:00:06]} 65. Rxf6 {[%emt 0:00:31]} h3 {[%emt 0:00:07]} 66. Rh6 {[%emt 0:00:05]} Rg3 {[%emt 0:00:22]} 67. Ke4 {[%emt 0:00:36]} Re3+ {[%emt 0:00:47]} 68. Kd4 {[%emt 0:00:07]} Ke2 {[%emt 0:00:35]} 69. f5 {[%emt 0:00:14]} Kf2 {[%emt 0:00:21]} 70. f6 {[%emt 0:00:07]} Rf3 {[%emt 0:00:16]} 71. Ke4 {[%emt 0:00:46]} Kg2 {[%emt 0:00:23]} 72. Rg6+ {[%emt 0:00:25]} Rg3 {[%emt 0:00:11]} 73. f7 {[%emt 0:00:14]} Rxg6 {[%emt 0:00:55]} 74. f8=Q {[%emt 0:00:07]} h2 {[%emt 0:00:21]} 75. Qf3+ {[%emt 0:00:23]} Kg1 {[%emt 0:00:08]} 76. Qd1+ {[%emt 0:00:48]} Kg2 {[%emt 0:00:36]} 77. Qc2+ {[%emt 0:00:27]} Kg1 {[%emt 0:00:13]} 78. Qb1+ {[%emt 0:00:39]} Kg2 {[%emt 0:00:07]} 79. Qa2+ {[%emt 0:00:15]} Kg1 {[%emt 0:00:07]} 80. Ke3 {[%emt 0:00:29]} Rg3+ {[%emt 0:00:59]} 81. Kf4 {[%emt 0:00:05]} Rf3+ {[%emt 0:00:04]} 82. Kxf3 {[%emt 0:00:05]} h1=Q+ {[%emt 0:00:20] Ke4} 1-0

[Event "26th Abu Dhabi Master 2019"]
[Site "Abu Dhabi"]
[Date "2019.08.02"]
[Round "1.22"]
[White "Samant Aditya S"]
[Black "Can, Emre"]
[Result "0-1"]
[WhiteElo "2296"]
[BlackElo "2595"]
[Annotator "ChessBase"]
[PlyCount "96"]
[EventDate "2019.08.02"]
[EventType "swiss"]
[EventCountry "UAE"]
[SourceTitle "playchess.com"]
[Source "ChessBase"]
[SourceQuality "1"]
[TimeControl "5400+30"]

1. e4 {[%emt 0:00:00]} c5 {[%emt 0:00:00]} 2. Nf3 {[%emt 0:00:00]} d6 {[%emt 0:00:36]} 3. d4 {[%emt 0:00:00]} cxd4 {[%emt 0:00:16]} 4. Nxd4 {[%emt 0:00:00]} Nf6 {[%emt 0:00:30]} 5. Nc3 {[%emt 0:00:09]} a6 {[%emt 0:00:36]} 6. h3 {[%emt 0:00:14]} e6 {[%emt 0:01:37]} 7. g4 {[%emt 0:00:10]} Nfd7 {[%emt 0:00:26]} 8. Be3 {[%emt 0:00:19]} b5 {[%emt 0:00:39]} 9. a3 {[%emt 0:00:09]} Bb7 {[%emt 0:00:29]} 10. g5 {[%emt 0:00:38]} Be7 {[%emt 0:01:25]} 11. h4 {[%emt 0:00:14]} Nc6 {[%emt 0:00:20]} 12. Qd2 {[%emt 0:00:27]} Rc8 {[%emt 0:00:34]} 13. Nxc6 {[%emt 0:13:54]} Bxc6 {[%emt 0:00:51]} 14. O-O-O {[%emt 0:00:09]} Rb8 {[%emt 0:01:11]} 15. h5 {[%emt 0:01:37]} a5 {[%emt 0:11:16]} 16. h6 {[%emt 0:06:29]} g6 {[%emt 0:02:04]} 17. Ne2 {[%emt 0:40:26]} e5 {[%emt 0:23:23]} 18. Ng3 {[%emt 0:06:56]} b4 {[%emt 0:05:02]} 19. axb4 {[%emt 0:01:06]} axb4 {[%emt 0:00:34]} 20. Bc4 {[%emt 0:05:53]} Qa5 {[%emt 0:03:14]} 21. c3 {[%emt 0:04:44]} O-O {[%emt 0:03:48]} 22. Kc2 {[%emt 0:03:12]} Rfc8 {[%emt 0:13:07]} 23. Ra1 {[%emt 0:01:35]} Ba4+ {[%emt 0:02:52]} 24. b3 {[%emt 0:00:42]} Rxc4 {[%emt 0:04:10]} 25. Rxa4 {[%emt 0:00:12]} Qb5 {[%emt 0:00:33]} 26. Rxb4 {[%emt 0:06:27]} Qxb4 {[%emt 0:00:42]} 27. bxc4 {[%emt 0:00:06]} Qxc4 {[%emt 0:03:07]} 28. Ra1 {[%emt 0:02:50]} Qb3+ {[%emt 0:04:19]} 29. Kd3 {[%emt 0:00:48]} Nc5+ {[%emt 0:04:41]} 30. Bxc5 {[%emt 0:01:48]} dxc5 {[%emt 0:00:08]} 31. Ke2 {[%emt 0:00:07]} Rd8 {[%emt 0:00:59]} 32. Qe1 {[%emt 0:00:42]} Bxg5 {[%emt 0:00:21]} 33. Kf1 {[%emt 0:00:35]} Bxh6 {[%emt 0:00:17]} 34. Kg2 {[%emt 0:00:09]} Bd2 {[%emt 0:01:28]} 35. Qd1 {[%emt 0:00:23]} Qxc3 {[%emt 0:00:55]} 36. Ra7 {[%emt 0:00:06]} Bg5 {[%emt 0:01:14]} 37. Qg4 {[%emt 0:00:10]} Qd2 {[%emt 0:00:57]} 38. Rc7 {[%emt 0:00:16]} Qd6 {[%emt 0:01:53]} 39. Ra7 {[%emt 0:02:17]} h6 {[%emt 0:00:27]} 40. Qe2 {[%emt 0:00:18]} Qe6 {[%emt 0:01:43]} 41. Rc7 {[%emt 0:01:16]} Rc8 {[%emt 0:00:11]} 42. Rxc8+ {[%emt 0:00:38]} Qxc8 {[%emt 0:00:04]} 43. Qc4 {[%emt 0:00:07]} h5 {[%emt 0:00:25]} 44. f3 {[%emt 0:00:31]} Be3 {[%emt 0:00:53]} 45. Nf1 {[%emt 0:00:57]} Bd4 {[%emt 0:00:16]} 46. Ng3 {[%emt 0:00:20]} Qd8 {[%emt 0:00:15]} 47. Qc1 {[%emt 0:00:11]} Qh4 {[%emt 0:00:52]} 48. Nh1 {[%emt 0:00:26]} Qf4 {[%emt 0:00:13]} 0-1

[Event "26th Abu Dhabi Master 2019"]
[Site "Abu Dhabi"]
[Date "2019.08.02"]
[Round "1.23"]
[White "Petrosyan, Manuel"]
[Black "Eynullayev, Atilla"]
[Result "1-0"]
[WhiteElo "2592"]
[BlackElo "2228"]
[Annotator "ChessBase"]
[PlyCount "45"]
[EventDate "2019.08.02"]
[EventType "swiss"]
[EventCountry "UAE"]
[SourceTitle "playchess.com"]
[Source "ChessBase"]
[SourceQuality "1"]
[TimeControl "5400+30"]

1. c4 Nf6 {[%emt 0:00:00]} 2. Nf3 c5 {[%emt 0:00:57]} 3. Nc3 {[%emt 0:01:43]} d5 4. cxd5 {[%emt 0:01:06]} Nxd5 {[%emt 0:00:56]} 5. e4 {[%emt 0:02:49]} Nb4 {[%emt 0:00:49]} 6. Bb5+ {[%emt 0:00:14]} N8c6 {[%emt 0:13:07]} 7. d4 {[%emt 0:00:33]} cxd4 {[%emt 0:01:52]} 8. a3 {[%emt 0:00:18]} dxc3 {[%emt 0:05:51]} 9. Qxd8+ {[%emt 0:00:38]} Kxd8 {[%emt 0:00:08]} 10. axb4 {[%emt 0:00:05]} cxb2 {[%emt 0:22:12]} 11. Bxb2 {[%emt 0:00:13]} f6 {[%emt 0:04:13]} 12. e5 {[%emt 0:04:43]} Kc7 {[%emt 0:07:35]} 13. O-O {[%emt 0:07:00]} Bg4 {[%emt 0:05:39]} 14. Nd4 {[%emt 0:14:28]} Bd7 {[%emt 0:11:02]} 15. e6 {[%emt 0:04:08]} Be8 {[%emt 0:00:20]} 16. Rfc1 {[%emt 0:01:58]} Kb6 {[%emt 0:08:18]} 17. Nxc6 {[%emt 0:07:02]} bxc6 {[%emt 0:01:26]} 18. Bc4 {[%emt 0:00:56]} g5 {[%emt 0:04:45]} 19. Bd4+ {[%emt 0:05:41]} Kb7 {[%emt 0:01:02]} 20. b5 {[%emt 0:05:43]} a5 {[%emt 0:03:50]} 21. bxa6+ {[%emt 0:00:56]} Kc7 {[%emt 0:00:05]} 22. Bc5 {[%emt 0:01:37]} Rg8 {[%emt 0:01:58]} 23. Rab1 {[%emt 0:00:54]} 1-0

[Event "26th Abu Dhabi Master 2019"]
[Site "Abu Dhabi"]
[Date "2019.08.02"]
[Round "1.24"]
[White "Bhambure, Shantanu"]
[Black "Vaibhav, Suri"]
[Result "1/2-1/2"]
[WhiteElo "2275"]
[BlackElo "2591"]
[Annotator "ChessBase"]
[PlyCount "141"]
[EventDate "2019.08.02"]
[EventType "swiss"]
[EventCountry "UAE"]
[SourceTitle "playchess.com"]
[Source "ChessBase"]
[SourceQuality "1"]
[TimeControl "5400+30"]

1. d4 {[%emt 0:00:32]} e6 {[%emt 0:00:04]} 2. c4 {[%emt 0:00:12]} d5 {[%emt 0:00:10]} 3. Nf3 {[%emt 0:02:54]} Nf6 {[%emt 0:01:16]} 4. Nc3 {[%emt 0:00:08]} Bb4 {[%emt 0:00:34]} 5. Qa4+ {[%emt 0:00:51]} Nc6 {[%emt 0:00:07]} 6. cxd5 {[%emt 0:00:16]} Nxd5 {[%emt 0:19:03]} 7. Qc2 {[%emt 0:07:08]} O-O {[%emt 0:00:31]} 8. e3 {[%emt 0:03:48]} Bd6 {[%emt 0:06:27]} 9. Bd2 {[%emt 0:07:13]} Re8 {[%emt 0:16:23]} 10. Be2 {[%emt 0:15:00]} Ndb4 {[%emt 0:07:31]} 11. Qd1 {[%emt 0:14:29]} e5 {[%emt 0:02:07]} 12. d5 {[%emt 0:01:21]} e4 {[%emt 0:16:21]} 13. Nxe4 {[%emt 0:05:56]} Rxe4 {[%emt 0:00:40]} 14. dxc6 {[%emt 0:00:08]} Nxc6 {[%emt 0:00:09]} 15. O-O {[%emt 0:01:18]} Qf6 {[%emt 0:01:52]} 16. Bc3 {[%emt 0:01:41]} Qh6 {[%emt 0:01:12]} 17. Qd5 {[%emt 0:10:29]} Re7 {[%emt 0:09:02]} 18. Rfd1 {[%emt 0:05:04]} Be6 {[%emt 0:00:46]} 19. Qb5 {[%emt 0:01:21]} Rb8 {[%emt 0:00:49]} 20. g3 {[%emt 0:02:58]} Bg4 {[%emt 0:05:14]} 21. Nd4 {[%emt 0:04:42]} Nxd4 {[%emt 0:05:21]} 22. Bxd4 {[%emt 0:02:00]} a6 {[%emt 0:00:03]} 23. Qd3 {[%emt 0:01:12]} Qh5 {[%emt 0:00:43]} 24. Bxg4 {[%emt 0:00:45]} Qxg4 {[%emt 0:00:01]} 25. Kg2 {[%emt 0:01:32]} Re6 {[%emt 0:00:13]} 26. h3 {[%emt 0:02:16]} Qh5 {[%emt 0:00:01]} 27. Bc3 {[%emt 0:01:37]} Rh6 {[%emt 0:02:55]} 28. Rh1 {[%emt 0:00:54]} Re8 {[%emt 0:00:28]} 29. Rad1 {[%emt 0:02:58]} Rg6 {[%emt 0:00:08]} 30. Rhe1 {[%emt 0:01:16]} c6 {[%emt 0:03:26]} 31. Qe2 {[%emt 0:01:53]} Qf5 {[%emt 0:01:10]} 32. Qf3 {[%emt 0:00:24]} Qe6 {[%emt 0:00:00]} 33. a3 {[%emt 0:00:40]} Rg5 {[%emt 0:00:16]} 34. e4 {[%emt 0:01:25]} Be5 {[%emt 0:00:48]} 35. h4 {[%emt 0:00:36]} Bxc3 {[%emt 0:00:23]} 36. Qxc3 {[%emt 0:00:26]} Re5 {[%emt 0:00:31]} 37. f3 {[%emt 0:00:28]} Qe7 {[%emt 0:01:12]} 38. Qc4 {[%emt 0:00:27]} h6 {[%emt 0:00:29]} 39. Re2 {[%emt 0:00:24]} Rd8 {[%emt 0:00:29]} 40. Red2 {[%emt 0:00:22]} Rxd2+ {[%emt 0:00:01]} 41. Rxd2 {[%emt 0:00:01]} Kh7 {[%emt 0:00:04]} 42. Qd3 {[%emt 0:00:30]} a5 {[%emt 0:01:10]} 43. Qd7 {[%emt 0:01:08]} Qxd7 {[%emt 0:00:19]} 44. Rxd7 {[%emt 0:00:02]} Rb5 {[%emt 0:00:00]} 45. Rd2 {[%emt 0:00:49]} Rb3 {[%emt 0:00:31]} 46. h5 {[%emt 0:00:29]} g6 {[%emt 0:00:28]} 47. hxg6+ {[%emt 0:00:43]} Kxg6 {[%emt 0:01:25]} 48. g4 {[%emt 0:00:23]} c5 {[%emt 0:00:29]} 49. Kg3 {[%emt 0:00:37]} a4 {[%emt 0:00:31]} 50. Rc2 {[%emt 0:00:39]} b6 {[%emt 0:00:02]} 51. Kf4 {[%emt 0:00:20]} Rd3 {[%emt 0:00:19]} 52. Kg3 {[%emt 0:00:43]} Kg5 {[%emt 0:00:11]} 53. Rh2 {[%emt 0:00:31]} c4 {[%emt 0:00:31]} 54. Rc2 {[%emt 0:00:24]} b5 {[%emt 0:00:03]} 55. Re2 {[%emt 0:00:32]} h5 {[%emt 0:01:59]} 56. gxh5 {[%emt 0:00:15]} Kxh5 {[%emt 0:00:00]} 57. Kf4 {[%emt 0:00:23]} Kg6 {[%emt 0:00:01]} 58. e5 {[%emt 0:00:53]} c3 {[%emt 0:01:25]} 59. bxc3 {[%emt 0:00:24]} Rxc3 60. e6 {[%emt 0:00:34]} fxe6 {[%emt 0:00:52]} 61. Rxe6+ {[%emt 0:00:05]} Kf7 {[%emt 0:00:02]} 62. Rb6 {[%emt 0:00:56]} Rb3 {[%emt 0:00:43]} 63. Ke4 {[%emt 0:00:34]} Ke7 {[%emt 0:00:01]} 64. Kd5 {[%emt 0:00:24]} Rxa3 {[%emt 0:00:47]} 65. Rxb5 {[%emt 0:00:13]} Rxf3 {[%emt 0:00:02]} 66. Rb7+ {[%emt 0:00:27]} Kd8 {[%emt 0:00:31]} 67. Ra7 {[%emt 0:00:30]} Rf4 {[%emt 0:00:20]} 68. Kc5 {[%emt 0:00:27]} Kc8 {[%emt 0:00:05]} 69. Kb5 {[%emt 0:00:09]} Kb8 {[%emt 0:00:03]} 70. Rxa4 {[%emt 0:00:04]} Rxa4 {[%emt 0:00:02]} 71. Kxa4 {[%emt 0:00:03]} 1/2-1/2

[Event "26th Abu Dhabi Master 2019"]
[Site "Abu Dhabi"]
[Date "2019.08.02"]
[Round "1.25"]
[White "Santos Latasa, Jaime"]
[Black "Vantika Agrawal"]
[Result "1-0"]
[WhiteElo "2594"]
[BlackElo "2243"]
[Annotator "ChessBase"]
[PlyCount "93"]
[EventDate "2019.08.02"]
[EventType "swiss"]
[EventCountry "UAE"]
[SourceTitle "playchess.com"]
[Source "ChessBase"]
[SourceQuality "1"]
[TimeControl "5400+30"]

1. d4 {[%emt 0:00:00]} Nf6 {[%emt 0:03:07]} 2. c4 {[%emt 0:00:00]} g6 {[%emt 0:00:05]} 3. Nc3 {[%emt 0:00:00]} Bg7 {[%emt 0:00:03]} 4. e4 {[%emt 0:00:00]} d6 {[%emt 0:00:03]} 5. h3 {[%emt 0:00:04]} O-O {[%emt 0:00:09]} 6. Be3 {[%emt 0:00:03]} Na6 {[%emt 0:01:12]} 7. g4 {[%emt 0:00:20]} c5 {[%emt 0:00:34]} 8. Nge2 {[%emt 0:00:11]} b6 {[%emt 0:00:35]} 9. Bg2 {[%emt 0:00:11]} e5 {[%emt 0:01:19]} 10. d5 {[%emt 0:02:42]} Nc7 {[%emt 0:01:31]} 11. Qd2 {[%emt 0:02:00]} Rb8 {[%emt 0:03:02]} 12. a4 {[%emt 0:00:53]} a6 {[%emt 0:03:47]} 13. Qd3 {[%emt 0:07:43]} Qe7 {[%emt 0:11:32]} 14. Rb1 {[%emt 0:01:56]} Nd7 {[%emt 0:33:21]} 15. h4 {[%emt 0:06:35]} Nf6 {[%emt 0:01:48]} 16. f3 {[%emt 0:00:19]} h5 {[%emt 0:03:45]} 17. g5 {[%emt 0:00:23]} Nh7 {[%emt 0:03:16]} 18. b4 {[%emt 0:01:04]} Bb7 {[%emt 0:09:19]} 19. a5 {[%emt 0:12:06]} cxb4 {[%emt 0:02:23]} 20. axb6 {[%emt 0:00:22]} bxc3 {[%emt 0:00:19]} 21. bxc7 {[%emt 0:00:05]} Qxc7 {[%emt 0:01:44]} 22. Nxc3 {[%emt 0:00:09]} f6 {[%emt 0:03:11]} 23. gxf6 {[%emt 0:02:43]} Bxf6 {[%emt 0:00:49]} 24. Ke2 {[%emt 0:00:59]} Qe7 {[%emt 0:07:14]} 25. Bf2 {[%emt 0:00:30]} a5 {[%emt 0:03:07]} 26. c5 {[%emt 0:02:58]} dxc5 {[%emt 0:00:32]} 27. Na4 {[%emt 0:00:10]} Rfc8 {[%emt 0:04:29]} 28. Qc4 {[%emt 0:02:13]} Nf8 {[%emt 0:00:58]} 29. Bh3 {[%emt 0:00:17]} Rd8 {[%emt 0:00:40]} 30. Rb6 {[%emt 0:04:30]} Kg7 {[%emt 0:00:32]} 31. Qb5 {[%emt 0:04:34]} Rd6 {[%emt 0:00:31]} 32. Bxc5 {[%emt 0:02:29]} Rxb6 {[%emt 0:00:03]} 33. Qxb6 {[%emt 0:00:26]} Qe8 {[%emt 0:00:49]} 34. Qxa5 {[%emt 0:02:12]} Nd7 {[%emt 0:00:40]} 35. Qc7 {[%emt 0:02:20]} Ba6+ {[%emt 0:00:13]} 36. Kd2 {[%emt 0:00:16]} Bc8 {[%emt 0:00:44]} 37. Bxd7 {[%emt 0:00:25]} Bxd7 {[%emt 0:00:25]} 38. Nb6 {[%emt 0:00:11]} Rxb6 {[%emt 0:00:37]} 39. Bxb6 {[%emt 0:00:16]} Qe7 {[%emt 0:00:28]} 40. Bc5 {[%emt 0:00:32]} Qf7 {[%emt 0:00:21]} 41. Bd6 {[%emt 0:01:21]} Kh6 {[%emt 0:00:41]} 42. Bxe5 {[%emt 0:00:32]} Bxe5 {[%emt 0:00:31]} 43. Qxe5 {[%emt 0:00:08]} Kh7 {[%emt 0:00:21]} 44. Ke3 {[%emt 0:00:09]} Bb5 {[%emt 0:00:37]} 45. Rc1 {[%emt 0:00:59]} Qa7+ 46. Kf4 {[%emt 0:00:14]} Qf7+ {[%emt 0:01:00]} 47. Kg3 {[%emt 0:00:08]} 1-0

[Event "26th Abu Dhabi Master 2019"]
[Site "Abu Dhabi"]
[Date "2019.08.02"]
[Round "1.26"]
[White "Gomes, Mary Ann"]
[Black "Jobava, Baadur"]
[Result "0-1"]
[WhiteElo "2303"]
[BlackElo "2594"]
[Annotator "ChessBase"]
[PlyCount "82"]
[EventDate "2019.08.02"]
[EventType "swiss"]
[EventCountry "UAE"]
[SourceTitle "playchess.com"]
[Source "ChessBase"]
[SourceQuality "1"]
[TimeControl "5400+30"]

1. Nf3 {[%emt 0:00:00]} d5 {[%emt 0:05:42]} 2. g3 {[%emt 0:00:24]} Nc6 {[%emt 0:00:48]} 3. d4 {[%emt 0:01:06]} Bf5 {[%emt 0:00:07]} 4. c3 {[%emt 0:00:47]} Qd7 {[%emt 0:00:14]} 5. Bf4 {[%emt 0:01:14]} f6 {[%emt 0:02:26]} 6. Nbd2 {[%emt 0:01:26]} g5 {[%emt 0:00:41]} 7. Be3 {[%emt 0:00:15]} Bh3 {[%emt 0:00:47]} 8. Bxh3 {[%emt 0:05:15]} Qxh3 {[%emt 0:00:07]} 9. b4 {[%emt 0:00:23]} e6 {[%emt 0:00:29]} 10. Qa4 {[%emt 0:01:30]} g4 {[%emt 0:06:30]} 11. Nh4 {[%emt 0:00:41]} Kf7 {[%emt 0:01:50]} 12. Bf4 {[%emt 0:12:08]} Bh6 {[%emt 0:06:03]} 13. Bxh6 {[%emt 0:14:35]} Nxh6 {[%emt 0:00:13]} 14. e4 {[%emt 0:01:38]} a5 {[%emt 0:04:02]} 15. b5 {[%emt 0:08:28]} Ne7 {[%emt 0:00:05]} 16. O-O-O {[%emt 0:00:40]} Ng6 {[%emt 0:00:44]} 17. Nxg6 {[%emt 0:00:50]} hxg6 {[%emt 0:00:05]} 18. Rde1 {[%emt 0:11:26]} b6 {[%emt 0:08:27]} 19. c4 {[%emt 0:09:21]} dxe4 {[%emt 0:03:29]} 20. Rxe4 {[%emt 0:00:54]} Nf5 {[%emt 0:00:23]} 21. c5 {[%emt 0:06:08]} Qg2 {[%emt 0:07:12]} 22. Rhe1 {[%emt 0:05:05]} Rxh2 {[%emt 0:00:48]} 23. Qc4 {[%emt 0:01:34]} Kg7 {[%emt 0:02:04]} 24. Qxe6 {[%emt 0:02:56]} Rf8 {[%emt 0:01:10]} 25. Rf4 {[%emt 0:02:54]} Rf7 {[%emt 0:03:08]} 26. Qc6 {[%emt 0:05:35]} Qxc6 {[%emt 0:02:27]} 27. bxc6 {[%emt 0:00:04]} bxc5 {[%emt 0:00:05]} 28. dxc5 {[%emt 0:01:03]} Ne7 {[%emt 0:00:05]} 29. Re6 {[%emt 0:00:40]} g5 {[%emt 0:04:09]} 30. Rfe4 {[%emt 0:02:05]} Nf5 {[%emt 0:00:33]} 31. Rxg4 {[%emt 0:02:30]} Rxf2 {[%emt 0:00:07]} 32. a4 {[%emt 0:00:56]} Rf8 {[%emt 0:01:43]} 33. Nb3 {[%emt 0:01:08]} Rh8 {[%emt 0:03:06]} 34. Re1 {[%emt 0:00:23]} Rhh2 {[%emt 0:00:22]} 35. Nd4 {[%emt 0:00:45]} Ne3 {[%emt 0:07:26]} 36. Re4 {[%emt 0:00:31]} Ra2 {[%emt 0:00:06]} 37. Kb1 {[%emt 0:00:27]} Nd5 {[%emt 0:00:29]} 38. Nf5+ {[%emt 0:00:16]} Kf8 {[%emt 0:02:24]} 39. Re8+ {[%emt 0:00:32]} Kf7 {[%emt 0:00:05]} 40. R8e3 {[%emt 0:00:48]} Nxe3 {[%emt 0:00:25]} 41. Rxe3 {[%emt 0:00:05]} Raf2 {[%emt 0:00:34]} 0-1

[Event "26th Abu Dhabi Master 2019"]
[Site "Abu Dhabi"]
[Date "2019.08.02"]
[Round "1.27"]
[White "Idani, Pouya"]
[Black "Srija, Seshadri"]
[Result "1-0"]
[WhiteElo "2595"]
[BlackElo "2306"]
[Annotator "ChessBase"]
[PlyCount "51"]
[EventDate "2019.08.02"]
[EventType "swiss"]
[EventCountry "UAE"]
[SourceTitle "playchess.com"]
[Source "ChessBase"]
[SourceQuality "1"]
[TimeControl "5400+30"]

1. e4 {[%emt 0:00:12]} e5 {[%emt 0:00:00]} 2. Nf3 {[%emt 0:00:11]} Nc6 {[%emt 0:00:00]} 3. g3 {[%emt 0:00:03]} g6 {[%emt 0:02:47]} 4. d4 {[%emt 0:00:28]} exd4 {[%emt 0:00:43]} 5. Nxd4 {[%emt 0:00:06]} Bg7 {[%emt 0:00:32]} 6. Ne2 {[%emt 0:00:41]} Nge7 {[%emt 0:01:16]} 7. Bg2 {[%emt 0:00:12]} d6 {[%emt 0:01:46]} 8. Nbc3 {[%emt 0:00:54]} Be6 {[%emt 0:03:44]} 9. Nd5 {[%emt 0:03:05]} O-O {[%emt 0:05:53]} 10. O-O {[%emt 0:01:30]} Ne5 {[%emt 0:05:34]} 11. Ne3 {[%emt 0:08:14]} Qc8 {[%emt 0:10:47]} 12. Nf4 {[%emt 0:00:38]} Bd7 {[%emt 0:00:52]} 13. Bd2 {[%emt 0:10:49]} h5 {[%emt 0:09:43]} 14. Bc3 {[%emt 0:01:19]} h4 {[%emt 0:04:06]} 15. Nfd5 {[%emt 0:05:03]} Nxd5 {[%emt 0:00:48]} 16. Nxd5 {[%emt 0:00:05]} Re8 {[%emt 0:05:24]} 17. f4 {[%emt 0:02:49]} Bg4 {[%emt 0:00:42]} 18. Qe1 {[%emt 0:00:58]} h3 {[%emt 0:15:38]} 19. Bh1 {[%emt 0:00:17]} Nc6 {[%emt 0:05:32]} 20. Bxg7 {[%emt 0:01:44]} Kxg7 {[%emt 0:00:02]} 21. Qc3+ {[%emt 0:00:08]} Kh6 {[%emt 0:00:12]} 22. Nf6 {[%emt 0:01:55]} Re7 {[%emt 0:01:10]} 23. Bf3 {[%emt 0:02:14]} Bd7 {[%emt 0:03:29]} 24. g4 {[%emt 0:09:49]} g5 {[%emt 0:00:26]} 25. Be2 {[%emt 0:03:33]} Qh8 {[%emt 0:04:49]} 26. Rf3 {[%emt 0:00:12]} 1-0